Les personnages de Jacques Martin - Statistiques

Statistiques générales
  • Ce quiz a été pris 7 fois
  • Le résultat moyen est 5 sur 7
Statistiques - réponses
Indices Nom du héros % Correct
Antiquité - Rome - Gaulois Alix
100%
Moyen-âge - Sculpteur - Ami de Gilles de Rais Jhen
83%
Epoque contemporaine - Journaliste - Jeanjean Lefranc
83%
Empire - Fleuve - 6 albums Arno
50%
Grand siècle - Versailles - Louis XIV Loïs
50%
Antiquité - Grèce - Repris en 2011 Orion
50%
Antiquité - Egypte - 3 albums Keos
33%
Aucun quiz correspondant
Distribution des résultats
% des personnes avec chaque résultat
Percentile par nombre de réponses
Votre historique - résultats
Vous n’avez pas pris ce quiz